Normal view MARC view

Entry Personal Name

Number of records used in: 1

001 - CONTROL NUMBER

  • control field: 744680

003 - CONTROL NUMBER IDENTIFIER

  • control field: OSt

005 - DATE AND TIME OF LATEST TRANSACTION

  • control field: 20250317125739.0

008 - FIXED-LENGTH DATA ELEMENTS

  • fixed length control field: 250317|| aca||aabn | a|a d

040 ## - CATALOGING SOURCE

  • Original cataloging agency: OSt
  • Transcribing agency: OSt

100 ## - HEADING--PERSONAL NAME

  • Personal name: Gavois Jean

670 ## - SOURCE DATA FOUND

  • Source citation: Work cat.: (OSt)1260792: Gavois Jean, Going ups : An informal history of the elevator from the pynamids to the present, 1983
Copyright @ Delhi University Library System